[Event "2024 British Rapidplay Championship"]
[Site "Holiday Inn Peterborough - West"]
[Date "2024.03.03"]
[Round "8.12"]
[White "Banerjee, Supratit"]
[Black "He, Tom Junde"]
[Result "1-0"]
[WhiteFideId "2410079"]
[BlackFideId "488810"]
[WhiteElo "1962"]
[BlackElo "1922"]
[EventDate "2024.03.02"]

1. e4 e5 2. Nf3 Nc6 3. d4 exd4 4. Nxd4 Nf6 5. Nc3 Bb4 6. Nxc6 bxc6 7. Bd3 O-O 8.
O-O d6 9. Bg5 h6 10. Bh4 g5 11. Bg3 Ng4 12. a3 Ba5 13. Be2 Ne5 14. b4 Bb6 15. Na4
Be6 16. Nxb6 axb6 17. f4 Nc4 18. Rf3 f5 19. exf5 Rxf5 20. Bd3 Rf8 21. Qe2 Qf6 22.
Re1 Bd5 23. fxg5 Bxf3 24. Bxc4+ d5 25. gxf6 Bxe2 26. Bxe2 Rxa3 27. Bd3 Rxf6 28. Bxc7
c5 29. Bd8 Rd6 30. Be7 Rc6 31. b5 Rc7 32. Bd8 Rf7 33. Bxb6 c4 34. Re8+ Rf8 35. Rxf8+
Kxf8 36. Bc5+ Kf7 37. Bxa3 cxd3 38. cxd3 Ke6 39. Kf2 Kd7 40. Ke3 Kc7 41. Kd4 Kb6
42. Kxd5 Kxb5 43. Ke5 Ka4 44. Bc1 Kb3 45. d4 h5 46. d5 h4 47. d6 h3 48. gxh3 Kc2
49. d7 Kb3 50. d8=Q Kc4 51. Qd5+ Kc3 52. Bd2+ Kc2 53. Bh6 Kc3 54. Qd4+ Kc2 55. Ke4
Kb3 56. Kd3 Ka2 57. Qc3 Kb1 58. Qc2+ Ka1 59. Bg7# 1-0

[Event "2024 British Rapidplay Championship"]
[Site "Holiday Inn Peterborough - West"]
[Date "2024.03.03"]
[Round "8.13"]
[White "Waldhausen Gordon, Frederick"]
[Black "Dupuis, Denis K"]
[Result "1-0"]
[WhiteFideId "2409143"]
[BlackFideId "452980"]
[WhiteElo "2045"]
[BlackElo "1934"]
[EventDate "2024.03.02"]

1. d4 d5 2. c4 e6 3. Nc3 Nf6 4. Nf3 c6 5. e3 Bd6 6. Qc2 O-O 7. Be2 Nbd7 8. O-O a6
9. e4 dxe4 10. Nxe4 Nxe4 11. Qxe4 Nf6 12. Qc2 Qc7 13. c5 Be7 14. Bg5 Nd5 15. Bxe7
Qxe7 16. Bd3 h6 17. Ne5 Qg5 18. g3 Rd8 19. f4 Qe7 20. Rae1 Nb4 21. Qc4 Nxd3 22. Qxd3
f6 23. Nc4 Qxc5 24. dxc5 Rxd3 25. Rd1 Rd5 26. Nb6 Rb8 27. Nxd5 exd5 28. Rfe1 Kf7
29. Kf2 b6 30. cxb6 Rxb6 31. b3 Bf5 32. Ke3 Ke6 33. Kd4+ Kd7 34. Kc3 Rb5 35. Rd2
Rc5+ 36. Kd4 Rb5 37. Re3 Ra5 38. a4 Be4 39. Kc3 Kc7 40. Kb4 Kb6 41. Rc3 c5+ 42. Ka3
d4 43. Rc1 Bd5 44. b4 cxb4+ 45. Kxb4 Bb7 46. Rxd4 Rh5 47. Rd6+ Ka7 48. Rc7 Rxh2 49.
Rxg7 f5 50. Ka3 Rh1 51. Rd3 Ra1+ 52. Kb2 Rxa4 53. Rb3 Ka8 54. Rgxb7 h5 55. Rb8+ 1-0

[Event "2024 British Rapidplay Championship"]
[Site "Holiday Inn Peterborough - West"]
[Date "2024.03.03"]
[Round "8.14"]
[White "Verbytski, Oleg"]
[Black "Dougherty, Michael"]
[Result "1/2-1/2"]
[WhiteFideId "495506"]
[BlackFideId "2601559"]
[WhiteElo "1894"]
[BlackElo "2030"]
[EventDate "2024.03.02"]

1. e4 g6 2. d4 Bg7 3. Nc3 c5 4. Be3 Qa5 5. Nge2 Nf6 6. f3 cxd4 7. Nxd4 Nc6 8. Qd2
d6 9. Bc4 Nxd4 10. Bxd4 Be6 11. Bb5+ Kf8 12. O-O Rc8 13. Be2 h5 14. f4 Nxe4 15. Bxg7+
Kxg7 16. Nxe4 Qxd2 17. Nxd2 Rxc2 18. Rfd1 Rxb2 19. Bf3 Rc8 20. Nb3 Bg4 21. Bxg4 hxg4
22. Rdb1 Rcc2 23. Rxb2 Rxb2 24. Rc1 Rxa2 25. Rc7 b5 26. Rxe7 a5 27. Rb7 a4 28. Rxb5
Rb2 29. Nd4 a3 30. Ra5 a2 31. Nb3 Kf6 32. Nc1 Rb1 33. Rxa2 Rxc1+ 34. Kf2 Rc3 35.
Re2 Kf5 36. g3 g5 37. fxg5 Kxg5 38. Rd2 Rf3+ 39. Kg2 Rf6 40. Rd5+ Kg6 41. Rd4 1/2-1/2

[Event "2024 British Rapidplay Championship"]
[Site "Holiday Inn Peterborough - West"]
[Date "2024.03.03"]
[Round "8.15"]
[White "Nicholas, Koichi B"]
[Black "Nawalaniec, Adam"]
[Result "0-1"]
[WhiteFideId "409820"]
[BlackFideId "21023786"]
[WhiteElo "1987"]
[BlackElo "1977"]
[EventDate "2024.03.02"]

1. e4 c5 2. Nf3 d6 3. d4 cxd4 4. Nxd4 Nf6 5. Nc3 a6 6. Be3 e5 7. Nb3 Be7 8. f3 Be6
9. Qd2 h5 10. O-O-O Nbd7 11. Nd5 Nxd5 12. exd5 Bf5 13. Bd3 Bxd3 14. Qxd3 Bg5 15.
Kb1 O-O 16. h4 Bxe3 17. Qxe3 f5 18. f4 e4 19. Rh3 Qf6 20. Rg3 g6 21. Rg5 Rae8 22.
Nd4 Kh7 23. Nxf5 gxf5 24. Rxh5+ Kg6 25. Qe2 Rh8 26. Rg5+ Kf7 27. g4 Ke7 28. h5 fxg4
29. Qxg4 Kd8 30. Rg6 Qe7 31. Rg7 Nf6 32. Qg6 Reg8 33. h6 Rxg7 34. hxg7 Rg8 35. Rg1
e3 36. Qd3 e2 37. Re1 Rxg7 38. b3 Ne4 39. Kb2 Qf6+ 40. c3 Rg3 41. Qxe2 Qxc3+ 42.
Ka3 Qc5+ 43. Kb2 Qd4+ 44. Ka3 Nc5 45. Qe7+ Kc8 46. Qxd6 Qa4+ 47. Kb2 Rg2+ 48. Kc3
Ne4+ 49. Kd3 Rg3+ 50. Re3 Rxe3+ 51. Kxe3 Nxd6 52. bxa4 0-1

[Event "2024 British Rapidplay Championship"]
[Site "Holiday Inn Peterborough - West"]
[Date "2024.03.03"]
[Round "8.16"]
[White "Vijayakumar, Rishi"]
[Black "Frostick, Clive A"]
[Result "0-1"]
[WhiteFideId "2408953"]
[BlackFideId "411302"]
[WhiteElo "1809"]
[BlackElo "2162"]
[EventDate "2024.03.02"]

1. d4 d5 2. c4 e6 3. Nc3 a6 4. Nf3 Nf6 5. cxd5 exd5 6. Bg5 Be6 7. e3 Nbd7 8. h3 Bd6
9. Bd3 c6 10. Bf4 Qc7 11. Bxd6 Qxd6 12. O-O O-O 13. Rb1 Rfe8 14. b4 b5 15. a4 Nb6
16. a5 Nc4 17. Bxc4 bxc4 18. Ne5 Nd7 19. Nxd7 Bxd7 20. Na4 Ra7 21. Nc5 Bc8 22. Qc2
Rae7 23. Rbe1 f5 24. Qd1 Qh6 25. Qf3 g5 26. Re2 Qg6 27. Rfe1 h5 28. Kh1 h4 29. Rg1
Qh6 30. Rc2 g4 31. Qf4 Qxf4 32. exf4 Re2 33. Rxe2 Rxe2 34. g3 Rxf2 35. gxh4 Rxf4
36. h5 Rxd4 37. Re1 Kf7 38. h6 gxh3 39. Rg1 c3 40. Rg7+ Kf6 41. Nb3 Rxb4 42. Rg1
Rh4 43. Rg8 Be6 44. Rf8+ Ke7 45. Rh8 d4 46. Nc1 Bc4 47. Rc8 Rxh6 48. Rc7+ Kd6 49.
Rg7 d3 50. Nxd3 Bxd3 51. Rg3 Be4+ 52. Kh2 c2 53. Rc3 Rg6 54. Rc4 Rg2+ 55. Kh1 Rd2+
56. Kg1 h2+ 0-1

[Event "2024 British Rapidplay Championship"]
[Site "Holiday Inn Peterborough - West"]
[Date "2024.03.03"]
[Round "8.17"]
[White "Wells, Peter K"]
[Black "Brett, Andrew R"]
[Result "1-0"]
[WhiteFideId "400327"]
[BlackFideId "416460"]
[WhiteElo "2440"]
[BlackElo "2119"]
[EventDate "2024.03.02"]

1. d4 Nf6 2. c4 g6 3. Nc3 Bg7 4. e4 d6 5. Nf3 O-O 6. Be2 Nbd7 7. O-O e5 8. Be3 c6
9. Qc2 Qe7 10. Rad1 Ng4 11. Bg5 f6 12. Bh4 h5 13. h3 Nh6 14. c5 g5 15. cxd6 Qe8 16.
dxe5 Nf7 17. Bc4 Ndxe5 18. Nxe5 Qxe5 19. Bg3 Qe8 20. e5 fxe5 21. Qg6 h4 22. Bd3 Nh6
23. Qh7+ 1-0

[Event "2024 British Rapidplay Championship"]
[Site "Holiday Inn Peterborough - West"]
[Date "2024.03.03"]
[Round "8.18"]
[White "Boswell, Jacob Connor"]
[Black "Rich, Ben S"]
[Result "1-0"]
[WhiteFideId "427110"]
[BlackFideId "490431"]
[WhiteElo "2031"]
[BlackElo "1918"]
[EventDate "2024.03.02"]

1. d4 c5 2. d5 Nf6 3. c4 g6 4. Nc3 Bg7 5. Nf3 O-O 6. e4 d6 7. h3 Re8 8. Bd3 e6 9.
O-O Na6 10. Bf4 exd5 11. exd5 Nc7 12. a4 a6 13. Qd2 Rb8 14. a5 b5 15. axb6 Rxb6 16.
Rfe1 Bd7 17. Rxe8+ Ncxe8 18. Ra2 Qb8 19. Qc1 Qb7 20. Bc2 Nh5 21. Bd2 Bh8 22. Nd1
Nhg7 23. Ba5 Bf5 24. Bxb6 Qxb6 25. Ne3 Bxc2 26. Qxc2 f5 27. Qa4 Nc7 28. Qd7 h6 29.
Qa4 Nge8 30. Nh4 Kh7 31. Qc2 Be5 32. g4 Nf6 33. gxf5 g5 34. Nf3 Bf4 35. Ng2 Qb8 36.
Nxf4 gxf4 37. Ra1 Kh8 38. Kh1 Qe8 39. Qc3 Qf7 40. Rg1 Nce8 41. Rg6 Kh7 42. Qd2 Nh5
43. Qd3 Nhg7 44. Rg4 Nh5 45. f6+ Kh8 46. Qg6 Qxg6 47. Rxg6 Nhxf6 48. Rxh6+ Kg7 49.
Rh4 Ne4 50. Kg2 N8f6 51. Rxf4 a5 52. h4 Kg6 53. Ng5 Nd2 54. Nf3 Nb3 55. h5+ Nxh5
56. Rf8 Nf6 57. Rb8 Nc1 58. Ne1 Ne4 59. Re8 Kf5 60. Rf8+ Ke5 61. Nf3# 1-0

[Event "2024 British Rapidplay Championship"]
[Site "Holiday Inn Peterborough - West"]
[Date "2024.03.03"]
[Round "8.19"]
[White "Moreby, James E"]
[Black "Repasi, Zoltan"]
[Result "0-1"]
[WhiteFideId "427756"]
[BlackFideId "724602"]
[WhiteElo "2248"]
[BlackElo "2097"]
[EventDate "2024.03.02"]

1. c4 g6 2. d4 Bg7 3. e4 d6 4. Nc3 e5 5. Nf3 Nc6 6. d5 Nd4 7. Nxd4 exd4 8. Nb5 Qe7
9. Bd3 c6 10. Na3 Nf6 11. O-O O-O 12. Re1 c5 13. h3 Nd7 14. Bf4 Be5 15. Bh6 Bg7 16.
Bxg7 Kxg7 17. f4 a6 18. Qf3 f6 19. Re2 Kh8 20. Rae1 Qg7 21. Qg3 g5 22. fxg5 Ne5 23.
Rf1 Bd7 24. Ref2 fxg5 25. Nc2 Rxf2 26. Rxf2 Rf8 27. Rxf8+ Qxf8 28. Ne1 Qf6 29. Be2
Kg7 30. Kh2 Kg6 31. Kg1 b5 32. b3 h5 33. Qf2 Qf4 34. Nd3 Nxd3 35. Bxd3 Qxf2+ 36.
Kxf2 bxc4 37. Bxc4 a5 38. Kf3 Kf6 39. g4 Be8 40. a4 Ke5 41. Bb5 Bg6 42. Bd3 hxg4+
43. hxg4 Be8 44. Bb5 Bg6 45. Bd3 Bh7 46. Bc2 d3 47. Bxd3 Kd4 48. Bb1 Bg8 49. Ke2
Bf7 50. Kd2 Be8 51. Bd3 Bd7 52. Be2 Kxe4 53. Kc3 Kxd5 54. Bf3+ Ke5 55. Kc4 Kf4 56.
Bd1 Bc6 57. Be2 Ke3 58. Bf1 Kf3 0-1

[Event "2024 British Rapidplay Championship"]
[Site "Holiday Inn Peterborough - West"]
[Date "2024.03.03"]
[Round "8.20"]
[White "Pickard, Charles"]
[Black "Dasgupta, Avyukt"]
[Result "1-0"]
[WhiteFideId "470880"]
[BlackFideId "480630"]
[WhiteElo "2190"]
[BlackElo "1905"]
[EventDate "2024.03.02"]

1. Nf3 d5 2. d4 Nf6 3. c4 c6 4. cxd5 cxd5 5. Nc3 Nc6 6. Bf4 a6 7. e3 Bg4 8. Qb3 Na5
9. Qa4+ Bd7 10. Qc2 e6 11. Ne5 Nc6 12. Be2 Be7 13. Rc1 Rc8 14. O-O O-O 15. h3 Ne4
16. Nxd7 Qxd7 17. Qa4 Nd6 18. Bxd6 Bxd6 19. a3 f5 20. f4 Rc7 21. b4 Rfc8 22. b5 Nb8
23. Qb3 axb5 24. Bxb5 Qe7 25. a4 Ba3 26. Rc2 Bb4 27. Rfc1 Nc6 28. Bd3 Bxc3 29. Rxc3
Qd6 30. Qb5 Kf7 31. a5 Kf6 32. Qb6 Qd7 33. Bb5 Qe7 34. a6 Nxd4 35. Qxd4+ 1-0

[Event "2024 British Rapidplay Championship"]
[Site "Holiday Inn Peterborough - West"]
[Date "2024.03.03"]
[Round "8.21"]
[White "Burrows, Martin P"]
[Black "Kothari, Jai"]
[Result "0-1"]
[WhiteFideId "409057"]
[BlackFideId "477117"]
[WhiteElo "2057"]
[BlackElo "1908"]
[EventDate "2024.03.02"]

1. c4 c5 2. Nf3 g6 3. d4 cxd4 4. Nxd4 Bg7 5. e4 Nc6 6. Be3 Nf6 7. Nc3 Ng4 8. Qxg4
Nxd4 9. Qd1 Nc6 10. Rc1 d6 11. Be2 O-O 12. O-O Be6 13. b3 Qa5 14. Qd2 Rfc8 15. Rfd1
a6 16. Na4 Qxd2 17. Rxd2 Re8 18. Nb6 Rad8 19. g4 f5 20. exf5 gxf5 21. g5 Bf7 22.
f4 e5 23. Bf3 exf4 24. Bxf4 Bd4+ 25. Rxd4 Nxd4 26. Kf2 Nxf3 27. Kxf3 Bh5+ 28. Kg3
Re2 29. Nd5 Kf7 30. Nf6 Bg6 31. h4 h5 32. a4 Rb2 33. Rc3 Kg7 34. Rd3 b6 35. Be3 f4+
0-1

[Event "2024 British Rapidplay Championship"]
[Site "Holiday Inn Peterborough - West"]
[Date "2024.03.03"]
[Round "8.22"]
[White "Lishoy Gengis Paratazham, Dildarav"]
[Black "Hryshchenko, Kamila"]
[Result "0-1"]
[WhiteFideId "491462"]
[BlackFideId "14147491"]
[WhiteElo "1913"]
[BlackElo "2118"]
[EventDate "2024.03.02"]

1. e4 g6 2. d3 Bg7 3. g3 d6 4. Bg2 Nf6 5. f4 O-O 6. Nf3 c6 7. c3 Nbd7 8. O-O e5 9.
Qe2 Re8 10. fxe5 dxe5 11. h3 Nc5 12. Rd1 Qc7 13. Be3 Ne6 14. Nbd2 Nh5 15. Bf2 Bd7
16. Nc4 b5 17. Ne3 a6 18. Rac1 Rad8 19. Rd2 Bc8 20. Rcd1 Qa5 21. a3 Qc7 22. Rc1 Qe7
23. h4 Nc5 24. Rcd1 Bh6 25. b4 Nd7 26. d4 exd4 27. Rxd4 Bg7 28. R4d3 Ne5 29. Nxe5
Bxe5 30. Ng4 Rxd3 31. Rxd3 Bg7 32. Bc5 Qe6 33. Nf2 Qc4 34. Qc2 Be5 35. Bf1 Qe6 36.
Bh3 f5 37. Kg2 Qc4 38. Rf3 f4 39. Bxc8 Rxc8 40. g4 Ng3 41. Qd3 Qe6 42. Bb6 h6 43.
Bc5 Re8 44. Bd4 Rd8 45. Qd2 Bc7 46. Rxf4 Bxf4 47. Qxf4 Ne2 48. Qxh6 Nxd4 49. cxd4
Rxd4 50. h5 Rd6 51. Qg5 Kf7 52. h6 Kg8 53. Qf4 Qf6 54. Qe3 g5 55. Qb6 Rd2 56. Qe3
Rd6 57. Qb6 Qxh6 58. Qb8+ Kf7 59. Qc7+ Ke8 60. Qb8+ Rd8 61. Qe5+ Kd7 62. Qf5+ Kc7
63. Qc5 Kd7 64. Qa7+ Ke8 65. Qc5 Qf6 66. Qb6 Rd2 67. Qb8+ Kf7 68. Qa7+ Kg6 69. Qe3
Qd4 70. Qf3 Qf6 71. Qg3 Qf4 72. Qxf4 gxf4 73. Kf3 Ra2 74. Kxf4 Rxf2+ 75. Ke5 Rf6
76. Kd4 Re6 77. Kc5 Rxe4 78. Kxc6 Re6+ 79. Kb7 Kg5 80. Ka7 Kxg4 81. Kb7 Kf5 82. Ka7
Ke5 83. Kb7 Kd5 84. Kc7 Rc6+ 85. Kb7 Kd6 86. Ka7 Kd5 87. Kb7 Rh6 88. Ka7 Kc4 89.
Kb7 Kb3 90. Ka7 Kxa3 91. Kb7 Kxb4 92. Kc7 a5 93. Kb7 a4 94. Kc7 a3 95. Kb7 a2 96.
Kc7 a1=Q 97. Kb7 Qa6+ 98. Kc7 Qa7+ 99. Kd8 Rh8# 0-1

[Event "2024 British Rapidplay Championship"]
[Site "Holiday Inn Peterborough - West"]
[Date "2024.03.03"]
[Round "8.23"]
[White "Jermy, Jaden"]
[Black "Hng, Mei-En Emmanuelle"]
[Result "1-0"]
[WhiteFideId "459496"]
[BlackFideId "5804566"]
[WhiteElo "1978"]
[BlackElo "1974"]
[EventDate "2024.03.02"]

1. d4 Nf6 2. Nf3 e6 3. c4 c5 4. g3 cxd4 5. Nxd4 Qb6 6. Bg2 Bc5 7. e3 Nc6 8. Nxc6
bxc6 9. O-O Ba6 10. b3 O-O 11. Bb2 d5 12. Nd2 Be7 13. Qc2 Rac8 14. Rfd1 Rfd8 15.
Rac1 c5 16. e4 d4 17. e5 Nd7 18. f4 Bb7 19. Ne4 Nb8 20. Rd2 Nc6 21. a3 Na5 22. Rd3
Rb8 23. b4 Nxc4 24. Qxc4 Ba6 25. Qb3 Bxd3 26. Qxd3 cxb4 27. Rc6 Qb5 28. Qxb5 Rxb5
29. axb4 Rxb4 30. Bc1 Rb1 31. Bf1 d3 32. Kf2 f5 33. Nd2 Rb7 34. Ke3 Rbd7 35. Nb3
Kf7 36. Bd2 Rd5 37. Rc7 R8d7 38. Rxd7 Rxd7 39. Bxd3 Rb7 40. Bc4 Bb4 41. Bxb4 Rxb4
42. Kd4 a5 43. Kc3 Rb6 44. Nd4 Rb1 45. Bxe6+ Ke7 46. Bxf5 Rh1 47. Bxh7 Rxh2 48. Be4
Rh3 49. Nc6+ Kf8 50. Nxa5 Rxg3+ 51. Kd4 Rg1 52. Nc4 Rd1+ 53. Bd3 Ke7 54. Ne3 Ra1
55. Bc4 g6 56. e6 Rg1 57. Ke4 Kd6 58. Bb3 Rb1 59. Bc4 Rc1 60. Kd4 Rh1 61. Bd5 Rh4
62. Nc4+ Ke7 63. Ke5 Rh5+ 64. Ke4 Rh1 65. Kd4 Rh4 66. Ke5 Rh5+ 67. Kd4 Rh4 68. Ke3
Rh3+ 69. Ke4 Rh4 70. Kf3 Rh1 71. Ne5 Kd6 72. Bc4 Rg1 73. Nf7+ Ke7 74. Ng5 Re1 75.
Bd5 Ra1 76. Be4 Kf6 77. Bd5 Ke7 78. Kg4 Rg1+ 79. Kf3 Ra1 80. Ke4 Re1+ 81. Kd4 Rd1+
82. Ke5 Re1+ 83. Be4 Ra1 84. Bxg6 Ra5+ 85. Ke4 Kf6 86. Bf7 Ra4+ 87. Kf3 Ra3+ 88.
Kg4 Ra4 89. Nh7+ Kg7 90. Ng5 Kf6 91. Nf3 Ra1 92. Nd4 Rg1+ 93. Kf3 Rc1 94. Ke4 Rc5
95. Be8 Ke7 96. Bd7 Kf6 97. Nc6 Rc1 98. e7 Re1+ 99. Kd5 Rd1+ 100. Kc5 Rxd7 101. e8=Q
Rd1 102. Qe5+ Kf7 103. Qf5+ Ke8 104. Qg6+ 1-0

[Event "2024 British Rapidplay Championship"]
[Site "Holiday Inn Peterborough - West"]
[Date "2024.03.03"]
[Round "8.24"]
[White "Manley, Jon P"]
[Black "Keerthi Kumar, Advait"]
[Result "1/2-1/2"]
[WhiteFideId "403296"]
[BlackFideId "498033"]
[WhiteElo "2160"]
[BlackElo "1838"]
[EventDate "2024.03.02"]

1. e4 c5 2. Nc3 Nc6 3. g3 g6 4. Bg2 Bg7 5. d3 Nf6 6. f4 d6 7. Nf3 O-O 8. O-O Rb8
9. h3 b6 10. Be3 Bb7 11. Qd2 e6 12. f5 d5 13. exd5 exd5 14. Bg5 Qd7 15. fxg6 fxg6
16. Rae1 d4 17. Nd1 Nd5 18. Nf2 Rbe8 19. Ne4 Ne3 20. Bxe3 dxe3 21. Qxe3 Bxb2 22.
Kh2 Bg7 23. Qc1 Nd4 24. Nxd4 Bxd4 25. Rxf8+ Rxf8 26. Rf1 Rxf1 27. Qxf1 Bxe4 28. Bxe4
Kg7 29. Qf3 Qa4 30. Qg2 Qxa2 31. Bd5 Qb1 32. h4 a5 33. Kh3 Bf6 34. Qe2 a4 35. g4
g5 36. hxg5 Bxg5 37. Qe5+ Bf6 38. Qh5 Qf1+ 39. Kg3 Qg1+ 40. Kh3 Qe3+ 41. Kg2 Qe2+
42. Kh3 Qe7 43. Be4 Kh8 44. Qd5 Bg7 45. Qa8+ Qf8 46. Qxa4 Qf1+ 47. Bg2 Qf6 48. Qa8+
Bf8 49. Qe8 Kg7 50. Qd7+ Be7 51. Kh2 Kh6 52. Qf5 Qh4+ 53. Kg1 Qe1+ 54. Bf1 Qe3+ 55.
Kh1 Kg7 56. Kg2 Qd2+ 57. Qf2 Qh6 58. Qe2 Bd6 59. Kg1 Qf4 60. Bg2 Be5 61. Bf3 Qg3+
62. Kf1 Kf6 63. Qg2 Qf4 64. Qe2 Bd4 65. Kg2 Qc1 66. Kh3 Be5 67. Qe4 Qh6+ 68. Kg2
Qh2+ 69. Kf1 Bd4 1/2-1/2

[Event "2024 British Rapidplay Championship"]
[Site "Holiday Inn Peterborough - West"]
[Date "2024.03.03"]
[Round "8.25"]
[White "Hanache, Kai"]
[Black "Birtwistle, Nigel"]
[Result "1-0"]
[WhiteFideId "490105"]
[BlackFideId "406945"]
[WhiteElo "1886"]
[BlackElo "2114"]
[EventDate "2024.03.02"]

1. e4 c5 2. Nf3 g6 3. d4 cxd4 4. Nxd4 Nc6 5. c4 Nf6 6. Nc3 Nxd4 7. Qxd4 d6 8. Be2
Bg7 9. Be3 O-O 10. Qd3 a5 11. O-O a4 12. Rac1 Qa5 13. a3 Be6 14. Rfd1 Rfc8 15. Nd5
Bxd5 16. cxd5 Nd7 17. Qb5 Qxb5 18. Bxb5 Nc5 19. Bxc5 Rxc5 20. Rxc5 dxc5 21. Rd2 Ra5
22. Bd7 b5 23. f4 Bd4+ 24. Kh1 Be3 25. Rc2 b4 26. g3 b3 27. Rc4 Bd4 28. Rxa4 Rxa4
29. Bxa4 Bxb2 30. Bxb3 Bxa3 31. h3 Kf8 32. Kg2 Bb2 33. Kf3 f6 34. g4 Ke8 35. Ke3
Kd7 36. Ba2 Kd6 37. Bb3 Bc1+ 38. Kf3 g5 39. e5+ fxe5 40. f5 Bf4 41. Ke4 Kc7 42. Bc4
Kb6 43. d6 exd6 44. f6 d5+ 45. Bxd5 1-0

[Event "2024 British Rapidplay Championship"]
[Site "Holiday Inn Peterborough - West"]
[Date "2024.03.03"]
[Round "8.26"]
[White "Cancedda-Dupuis, Livio"]
[Black "Pink, Joshua"]
[Result "1-0"]
[WhiteFideId "499447"]
[BlackFideId "424790"]
[WhiteElo "1960"]
[BlackElo "1891"]
[EventDate "2024.03.02"]

1. e4 d6 2. d4 f5 3. exf5 Bxf5 4. Bd3 Qc8 5. Nf3 Nc6 6. c3 Nf6 7. O-O g6 8. Re1 Bg7
9. Na3 Bg4 10. Bg5 O-O 11. Nc4 Nd5 12. Be4 Nf6 13. Bxf6 exf6 14. h3 Bxf3 15. Qxf3
Qd7 16. h4 Rad8 17. Bd5+ Kh8 18. Be6 Qe7 19. h5 Ne5 20. Qh3 Nxc4 21. Bxc4 Qd7 22.
Be6 Qb5 23. h6 Qxb2 24. hxg7+ Kxg7 25. Reb1 Qd2 26. Rxb7 1-0

[Event "2024 British Rapidplay Championship"]
[Site "Holiday Inn Peterborough - West"]
[Date "2024.03.03"]
[Round "8.27"]
[White "Zhao, George"]
[Black "Borrowdale, Graham E"]
[Result "1/2-1/2"]
[WhiteFideId "494607"]
[BlackFideId "416673"]
[WhiteElo "1909"]
[BlackElo "1905"]
[EventDate "2024.03.02"]

1. d4 Nf6 2. Nf3 e6 3. g3 b6 4. Bg2 Bb7 5. O-O Be7 6. c4 O-O 7. Nc3 Ne4 8. Qc2 Nxc3
9. Qxc3 f5 10. b3 Bf6 11. Bb2 Nc6 12. Qd2 Ne7 13. Rfd1 a5 14. a3 a4 15. b4 d5 16.
c5 Ba6 17. Rac1 Rc8 18. Qc2 Bb5 19. e3 g5 20. Bf1 Bxf1 21. Rxf1 b5 22. c6 g4 23.
Ne1 Rb8 24. Qe2 Rb6 25. Rc5 Qb8 26. Nd3 Nc8 27. Nf4 Re8 28. Rc2 Nd6 29. f3 gxf3 30.
Qxf3 Kh8 31. Nh5 Qd8 32. Nxf6 Qxf6 33. Kh1 Rg8 34. g4 Nc4 35. gxf5 exf5 36. Bc1 Rxc6
37. Qxd5 Re6 38. Qxf5 Qxf5 39. Rxf5 Nxe3 40. Bxe3 Rxe3 41. Rc1 Rxa3 42. Rxb5 Ra2
43. h3 Rgg2 44. Rxc7 Rh2+ 45. Kg1 Rag2+ 46. Kf1 Rf2+ 47. Ke1 Re2+ 48. Kd1 Reg2 49.
Rb8+ Rg8 50. Rxg8+ Kxg8 51. Rc3 Rb2 52. b5 Rxb5 53. Kd2 Kf7 54. Rc7+ Kg6 55. Kd3
Rb3+ 56. Rc3 Rxc3+ 57. Kxc3 Kf5 58. Kb4 Ke4 59. Kxa4 Kxd4 60. Kb3 Ke3 61. Kc2 Kf3
62. Kd2 Kg3 63. Ke2 Kxh3 64. Kf2 Kh2 65. Kf3 h5 66. Kf2 h4 67. Kf3 h3 68. Kf2 Kh1
69. Kf1 h2 1/2-1/2

[Event "2024 British Rapidplay Championship"]
[Site "Holiday Inn Peterborough - West"]
[Date "2024.03.03"]
[Round "8.28"]
[White "Fava, Lorenzo"]
[Black "Southcott-Moyers, Indy"]
[Result "1/2-1/2"]
[WhiteFideId "2837434"]
[BlackFideId "488542"]
[WhiteElo "1913"]
[BlackElo "1993"]
[EventDate "2024.03.02"]

1. Nf3 d5 2. e3 Nf6 3. b3 Bg4 4. Bb2 e6 5. Be2 Be7 6. h3 Bxf3 7. Bxf3 c5 8. d3 Nc6
9. Nd2 Qc7 10. a3 a6 11. g3 O-O 12. Bg2 Nd7 13. O-O Bf6 14. c3 Rad8 15. Qc2 g6 16.
Rac1 Bg7 17. Rfd1 b5 18. c4 d4 19. cxb5 axb5 20. Bxc6 Qxc6 21. exd4 Qd5 22. dxc5
Bxb2 23. Qxb2 Nxc5 24. Qc2 Nxd3 25. Nf1 Qf3 26. Nh2 Qf5 27. Ng4 Qf3 28. Qc3 e5 29.
Rxd3 Rxd3 30. Qxe5 Rd1+ 31. Rxd1 Qxd1+ 32. Kg2 Rd8 33. Nf6+ Kf8 34. Nxh7+ Kg8 35.
Nf6+ Kf8 36. Nh7+ Kg8 37. Nf6+ Kf8 38. Qxb5 Qd4 39. Qg5 Rd6 40. Qh6+ Ke7 41. Ng4
Qe4+ 42. Kh2 Rd1 43. Qg5+ Kf8 44. Qh6+ Ke7 45. Qg5+ Kf8 46. Qh6+ Ke7 47. Qh4+ Kf8
48. Qh6+ Ke7 49. Qh4+ Kf8 50. Qh8+ Ke7 51. Qf6+ Kf8 52. Qh8+ Ke7 53. Qf6+ Kf8 54.
Qh8+ Ke7 55. Qf6+ Kf8 56. Qh8+ Ke7 57. Qh4+ Kf8 58. Qh8+ Ke7 59. Qf6+ Kf8 60. Qh8+
1/2-1/2

[Event "2024 British Rapidplay Championship"]
[Site "Holiday Inn Peterborough - West"]
[Date "2024.03.03"]
[Round "8.29"]
[White "Kovalskyi, Roman"]
[Black "Rich, Aaron"]
[Result "1-0"]
[WhiteFideId "14184214"]
[BlackFideId "499951"]
[WhiteElo "1983"]
[BlackElo "1767"]
[EventDate "2024.03.02"]

1. e4 c5 2. Nf3 Nc6 3. d4 cxd4 4. Nxd4 g6 5. c4 Bg7 6. Be3 Nf6 7. Nc3 Ng4 8. Qxg4
Nxd4 9. Qd1 Ne6 10. Be2 O-O 11. Qc2 d6 12. Rd1 Bd7 13. O-O Qa5 14. f4 Bxc3 15. bxc3
Ba4 16. Qd2 Bxd1 17. Bxd1 Rac8 18. f5 Ng7 19. Bd4 Ne8 20. fxg6 hxg6 21. Rf3 f6 22.
Qh6 Qh5 23. Qd2 Qh7 24. Bb3 Kg7 25. Rh3 Qg8 26. c5 e6 27. cxd6 Nxd6 28. e5 Ne4 29.
exf6+ Kf7 30. Qe3 Rfe8 31. Qxe4 Rc6 32. Ba4 1-0

[Event "2024 British Rapidplay Championship"]
[Site "Holiday Inn Peterborough - West"]
[Date "2024.03.03"]
[Round "8.30"]
[White "Lalic, Susan K"]
[Black "Kaushik, Madhav"]
[Result "1-0"]
[WhiteFideId "401510"]
[BlackFideId "499986"]
[WhiteElo "2059"]
[BlackElo "1559"]
[EventDate "2024.03.02"]

1. e4 c5 2. Nf3 d6 3. Bb5+ Nd7 4. Ba4 Ngf6 5. O-O a6 6. c4 Nxe4 7. Re1 Nef6 8. d4
cxd4 9. Nxd4 g6 10. Bf4 e5 11. c5 Be7 12. cxd6 Bxd6 13. Bxe5 Bxe5 14. Rxe5+ Kf8 15.
Re1 Nc5 16. Bc2 Kg7 17. Nc3 Ne6 18. Nxe6+ Bxe6 19. Qf3 Bg4 20. Qf4 Re8 21. Bb3 Qa5
22. h3 Be6 23. Bxe6 Rxe6 24. Rxe6 fxe6 25. Re1 Re8 26. Qe5 Qxe5 27. Rxe5 Kf7 28.
Kf1 Rd8 29. Ke2 Nd5 30. Nxd5 Rxd5 31. Re3 Rb5 32. b3 Rc5 33. Kd2 Rd5+ 34. Kc3 b5
35. Kb4 Rd2 36. Rf3+ Ke7 37. a4 Rd4+ 38. Ka5 bxa4 39. bxa4 e5 40. g4 h6 41. Ra3 Rd2
42. f3 Rd6 43. Kb4 Rf6 44. Kc5 Kd7 45. Kd5 Re6 46. Rb3 Rd6+ 47. Kxe5 Rc6 48. Rb7+
Ke8 49. Rg7 Kf8 50. Ra7 Kg8 51. h4 Kf8 52. f4 Kg8 53. h5 gxh5 54. gxh5 Rc5+ 55. Kf6
Rc6+ 56. Kf5 Rc5+ 57. Kg4 Ra5 58. Rb7 Rxa4 59. Kf5 Rc4 60. Rb6 Kg7 61. Rxa6 Rc5+
62. Kg4 Rc7 63. Rg6+ Kh7 64. Re6 Kg7 65. Kf5 Rc5+ 66. Re5 Rc7 67. Rd5 Rf7+ 68. Ke5
Re7+ 69. Kf5 Rf7+ 70. Kg4 Ra7 71. Kf3 Kf6 72. Ke4 Ra4+ 73. Rd4 Ra6 74. Kf3 Ra3+ 75.
Kg4 Ra6 76. Rd7 Ke6 77. Rg7 Ra1 78. Rg6+ Kf7 79. Rxh6 Ra5 80. Rb6 Kg7 81. Re6 Ra1
82. Kg5 Rg1+ 83. Kf5 Rh1 84. h6+ Kf7 85. Ra6 Rh5+ 86. Kg4 Rh1 87. Kg5 Rg1+ 88. Kf5
Rh1 89. Ra7+ Kf8 90. Kg6 Rg1+ 91. Kf6 1-0

[Event "2024 British Rapidplay Championship"]
[Site "Holiday Inn Peterborough - West"]
[Date "2024.03.03"]
[Round "8.31"]
[White "Tiruchirapalli, Venkataramanan"]
[Black "Sagues, Vincent"]
[Result "1/2-1/2"]
[WhiteFideId "5001579"]
[BlackFideId "625680"]
[WhiteElo "2263"]
[BlackElo "1891"]
[EventDate "2024.03.02"]

1. e4 d5 2. exd5 Qxd5 3. Nc3 Qd8 4. d4 Nf6 5. Bc4 a6 6. Nf3 b5 7. Bb3 c5 8. dxc5
Qxd1+ 9. Nxd1 e6 10. Be3 Bb7 11. a4 b4 12. c3 Nc6 13. O-O Nd7 14. cxb4 Nxb4 15. Bc4
Bxc5 16. Rc1 Rc8 17. Nd2 O-O 18. b3 Rfd8 19. Bg5 Nf6 20. Nf3 h6 21. Be3 Ng4 22. Bxc5
Rxc5 23. Ne3 Nxe3 24. fxe3 Rdc8 25. Rcd1 Bd5 26. Ne5 f6 27. Nd7 Bxc4 28. bxc4 R5c6
29. c5 Nd5 30. Rb1 Nc3 31. Rb4 a5 32. Rg4 Kh7 33. h4 f5 34. Rc4 Ne4 35. Rfc1 R8c7
36. Rd1 Nf6 37. Nxf6+ gxf6 38. Rdc1 Kg7 39. Kf2 Kf7 40. Ke2 e5 41. Kd3 Ke6 42. g4
fxg4 43. Rxg4 Rxc5 44. Rxc5 Rxc5 45. Rg6 h5 46. Rh6 Kf7 47. Ke4 Rc4+ 48. Kf5 Rxh4
49. Rxf6+ Ke7 50. Re6+ Kd7 51. Rxe5 Rxa4 52. e4 h4 53. Kg4 Kd6 1/2-1/2